| 000 | 01353nam a22002177a 4500 | ||
|---|---|---|---|
| 999 |
_c63106 _d63106 |
||
| 003 | Ge_BSU | ||
| 005 | 20250603151915.0 | ||
| 008 | 250603s2019 ge ||||| |||| 00| 0 geo d | ||
| 020 | _a9789941482922 | ||
| 041 | _ageo | ||
| 080 | _a51(075.8) მ-15 | ||
| 245 |
_aმათემატიკა: მასწავლებლის წიგნი: _bმე-7 კლასი / _cავტორები : გურამ გოგიშვილი, თეიმურაზ ვეფხვაძე, ია მებონია, ლამარა ქურჩიშვილი. |
||
| 264 |
_aთბილისი: _b ინტელექტი, _c2019. |
||
| 300 |
_a 311 გვ.; _b29 სმ. |
||
| 500 | _aგრიფმინიჭებულია საქართველოს განათლების, მეცნიერების, კულტურისა და სპორტის სამინისტროს მიერ 2019 წელს. | ||
| 700 |
_aგოგიშვილი, გურამ _eავტორი _95601 |
||
| 700 |
_a ვეფხვაძე, თეიმურაზ _eავტორი _925227 |
||
| 700 |
_aმებონია, ია _eავტორი _95603 |
||
| 700 |
_aქურჩიშვილი, ლამარა _eავტორი _925228 |
||
| 942 |
_2udc _cBK |
||